German Modernity, Barbarous Slavs and Profit-Seeking Jews
| Titel: | German Modernity, Barbarous Slavs and Profit-Seeking Jews : The Cultural Racism of Nationalist Liberals |
|---|---|
| Verfasser: | |
| Beteiligt: | |
| In: |
Nations and nationalism, Band 19, Heft 4 (2013), Seite 739-760 alle Artikel anzeigen |
| Veröffentlicht: | 2013 |
| Format: | Aufsatz |
| Sprache: | Englisch |
X
alg: 39282452 001A $01999:11-11-16 001B $01999:10-07-24 $t22:32:32.000 001C $06050:19-11-16 $t15:06:49.000 001D $01999:11-11-16 001U $0utf8 001X $00 002@ $0Oox 003@ $0392824523 007A $0392824523 $aHEB 007T $0Herdc0108721m 009Q $uhttp://onlinelibrary.wiley.com/doi/10.1111/nana.12035 $xVolltext 010@ $aeng 011@ $a2013 021A $aGerman Modernity, Barbarous Slavs and Profit-Seeking Jews $dThe Cultural Racism of Nationalist Liberals 028A $aStoetzler $dMarcel 028B/01 $aAchinger $dChristine 031A $d19 $e4 $h739-760 $j2013 039B $aIn $8--Obvc--. Nations and nationalism. - Oxford : Wiley-Blackwell, 1995-. - Online-Ressource. - ISSN 1469-8129. - DOI 10.1111/(ISSN)1469-8129 $x201300000190004261 $9084522844 045F $a900.943809033 $eDDC23BSB 045F/01 $a900 045F/03 $f09033 045F/03 $f9034 045F/03 $f09041 045F/03 $g438 lok: 39282452 78 exp: 39282452 78 1 #EPN 201B/01 $001-10-18 $t23:16:03.000 201U/01 $0utf8 203@/01 $0788934740 208@/01 $a11-11-16 $be 209A/01 $a/ $f000 $x00 220C/01 $aTitelaufnehmer: pg 220C/01 $aHerkunft: HI Marburg 244Z/01 $2Trx $#Poola $#Lenkija $#Polija $#Polen Land $#Poland $#Lengyelország $#Poľsko $#Polsko $8--Trx--Polska$gkraj $x01 $9391345966 244Z/01 $aGeschichte 1848-1900 $x02 244Z/01 $#Freytag, Gustav $#Freytag, Gustaw $#Freytag, Gustavus $#Freytag, G. $#Freitag, Gustav $#Freitag, Gustavus $#Freitag, G. $#F., G. $#G. F. $#G.F. $#Fu lai ta ge $#夫賴塔格 $#夫赖塔格 $7118535455 $8--Tp1--Freytag, Gustav$Z1816-1895 $x03 $9086876511 244Z/01 $2Trx $8--Trx--Treitschke, Heinrich von$Z1834-1896 $x04 $9391125273 244Z/01 $2Trx $#rassism $#rasizmas $#Racism $#fajgyülölet $#rasizm $#rasizmus $#rasismus $8--Trx--Rassismus $x05 $9391356186 244Z/01 $2Trx $#stereotüübid $#stereotipai $#Stereotypes $#sztereotipiák $#stereotypy $#stereotypy $#stereotypy $#Imagologie $#Fremdwahrnehmung $#Fremdenwahrnehmung $#imagologia $#imagológia $#imagologie $8--Trx--Stereotype $x06 $9391366254 244Z/01 $2Trx $#liberalism $#liberalizmas $#liberalism $#liberalizmus $#liberalizm $#liberalizmus $#liberalismus $8--Trx--Liberalismus $x07 $9391359304 244Z/01 $2Trx $#natsionalism $#nacionalizmas $#nationalism $#nacionalizmus $#nacjonalizm $#nacionalizmus $#nacionalismus $8--Trx--Nationalismus $x08 $9391370146 244Z/01 $2Trx $#suhted, Juudi-Saksa $#santykiai, vokiečių ir žydų $#Relations, German-Jewish $#kapcsolatok, német-zsidó $#stosunki niemiecko-żydowskie $#vzťahy nemecko-židovské $#vztahy německo-židovské $8--Trx--Beziehungen, deutsch-jüdische $x09 $9391381059 244Z/01 $2Trx $#suhted, Poola-Saksa $#santykiai, lenkų ir vokiečių $#relations, German-Polish $#kapcsolatok, lengyel-német $#stosunki niemiecko-polskie $#vzťahy nemecko-poľské $#vztahy německo-polské $8--Trx--Beziehungen, deutsch-polnische $x10 $9391368397 244Z/01 $2Trx $8--Trx--Zeitschriftenaufsatz $x11 $9391384341 244Z/01 $2Trx $8--Trx--elektronische Ressource $x12 $939138452X 245Z/01 $a06.03.04 $x01 247C/01 $82080>Marburg/Lahn, Herder-Institut, Forschungsbibliothek, Bibliographieportal $9336309341
| LEADER | 00000caa a22000002c 4500 | ||
|---|---|---|---|
| 001 | 392824523 | ||
| 003 | DE-603 | ||
| 005 | 20240710223232.0 | ||
| 007 | cr|||||||||||| | ||
| 008 | 161111s2013 xx |||| o| u00||u|eng c | ||
| 035 | |a (DE-599)HEB392824523 | ||
| 040 | |a DE-603 |b ger |c DE-603 |d DE-603 | ||
| 041 | |a eng | ||
| 082 | 0 | 4 | |8 1\u |a 900.943809033 |q DE-101 |2 23/BSB |
| 085 | |8 1\u |b 900 | ||
| 085 | |8 1\u |z 1 |s 09033 | ||
| 085 | |8 1\u |z 1 |s 9034 | ||
| 085 | |8 1\u |z 1 |s 09041 | ||
| 085 | |8 1\u |z 2 |s 438 | ||
| 100 | 1 | |a Stoetzler, Marcel | |
| 245 | 0 | 0 | |a German Modernity, Barbarous Slavs and Profit-Seeking Jews |b The Cultural Racism of Nationalist Liberals |
| 264 | 0 | |c 2013 | |
| 700 | 1 | |a Achinger, Christine | |
| 773 | 0 | 8 | |i In |t Nations and nationalism |d Oxford : Wiley-Blackwell, 1995- |h Online-Ressource |o 10.1111/(ISSN)1469-8129 |x 1469-8129 |g Band 19, Heft 4 (2013), Seite 739-760 |w (DE-603)084522844 |w (DE-600)1500007-2 |
| 856 | |u http://onlinelibrary.wiley.com/doi/10.1111/nana.12035 | ||
| 924 | 1 | |9 2080 |a (DE-603)788934740 |b DE-2080 |c HES |d d |g / | |


